[Event "Montreal Mercredi 04"]
[Site "Montreal CAN"]
[Date "2012.04.11"]
[Round "2"]
[White "Dominique, Vladimir"]
[Black "Gauthier, Luc"]
[Result "1/2-1/2"]
[WhiteElo "1710"]
[BlackElo "1691"]
[PlyCount "67"]
[GameId "2160767909509687"]
[EventDate "2012.04.13"]
[EventType "swiss"]
[EventRounds "5"]
[EventCountry "CAN"]
[SourceTitle "EXT 2022"]
[Source "ChessBase"]
[SourceDate "2021.10.06"]
[SourceVersion "1"]
[SourceVersionDate "2021.10.06"]
[SourceQuality "1"]

1. e4 Nf6 2. e5 Nd5 3. d4 d6 4. c4 Nb6 5. Nf3 dxe5 6. Nxe5 g6 7. Be2 Bg7 8. O-O O-O 9. Nc3 N8d7 10. Nf3 Nf6 11. h3 c6 12. Bf4 Be6 13. Ne5 Nfd7 14. b3 Nxe5 15. Bxe5 Bxe5 16. dxe5 Qc7 17. f4 Rad8 18. Qe1 Nd7 19. Ne4 Qb6+ 20. Qf2 Qxf2+ 21. Rxf2 Bf5 22. Ng3 Nc5 23. Rd1 Ne4 24. Nxe4 Bxe4 25. Rff1 c5 26. Rxd8 Rxd8 27. Rd1 Rxd1+ 28. Bxd1 h5 29. h4 Kf8 30. Kf2 Ke8 31. g3 Bb1 32. a3 a5 33. a4 e6 34. Ke3 1/2-1/2

[Event "Montreal Mercredi 04"]
[Site "Montreal CAN"]
[Date "2012.04.11"]
[Round "2"]
[White "Gauthier, Denis"]
[Black "Nardone, Raul"]
[Result "1-0"]
[WhiteElo "1901"]
[BlackElo "1895"]
[PlyCount "40"]
[GameId "2160767909509688"]
[EventDate "2012.04.13"]
[EventType "swiss"]
[EventRounds "5"]
[EventCountry "CAN"]
[SourceTitle "EXT 2022"]
[Source "ChessBase"]
[SourceDate "2021.10.06"]
[SourceVersion "1"]
[SourceVersionDate "2021.10.06"]
[SourceQuality "1"]

1. d4 f5 2. Nc3 d5 3. Bg5 c6 4. e3 Qb6 5. Bd3 e6 6. Nge2 Nd7 7. O-O Ndf6 8. f3 g6 9. Qd2 Bg7 10. Na4 Qc7 11. c4 dxc4 12. Bc2 Ne7 13. b3 cxb3 14. Bxb3 b6 15. Nf4 Qd6 16. Nb2 Ned5 17. Nc4 Qc7 18. Ne5 O-O 19. Rac1 Kh8 20. Rxc6 Qe7 1-0

[Event "Montreal Mercredi 04"]
[Site "Montreal CAN"]
[Date "2012.04.11"]
[Round "2"]
[White "Giroux, Robert"]
[Black "Tremblay, Alain"]
[Result "1/2-1/2"]
[WhiteElo "1903"]
[BlackElo "2028"]
[PlyCount "109"]
[GameId "2160767909509689"]
[EventDate "2012.04.13"]
[EventType "swiss"]
[EventRounds "5"]
[EventCountry "CAN"]
[SourceTitle "EXT 2022"]
[Source "ChessBase"]
[SourceDate "2021.10.06"]
[SourceVersion "1"]
[SourceVersionDate "2021.10.06"]
[SourceQuality "1"]

1. d4 e6 2. Nf3 Nf6 3. g3 b5 4. Bg2 Bb7 5. O-O Be7 6. Re1 O-O 7. Nbd2 d5 8. Ne5 c5 9. dxc5 Bxc5 10. Nd3 Bb6 11. e4 dxe4 12. Nxe4 Nxe4 13. Bxe4 Bxe4 14. Rxe4 Nd7 15. Qe2 Rc8 16. Bf4 Nc5 17. Nxc5 Rxc5 18. Rd1 Qc8 19. c3 Rd8 20. Rxd8+ Qxd8 21. Rd4 Rd5 22. Rxd5 Qxd5 23. Qe5 Qxe5 24. Bxe5 f6 25. Bd6 Kf7 26. b3 e5 27. c4 bxc4 28. bxc4 Ke6 29. c5 Ba5 30. Bb8 Bb4 31. Bxa7 Kd5 32. Kg2 Bxc5 33. Bxc5 Kxc5 34. g4 g6 35. Kf3 f5 36. h3 Kd4 37. g5 Kc3 38. Ke3 Kb4 39. Kd3 e4+ 40. Ke3 Ka3 41. Kf4 Kxa2 42. h4 Kb2 43. h5 Kc2 44. h6 Kd3 45. Ke5 Kc4 46. Kf6 Kd5 47. Kg7 f4 48. Kxh7 e3 49. fxe3 fxe3 50. Kxg6 e2 51. h7 e1=Q 52. h8=Q Qe4+ 53. Kh6 Qh4+ 54. Kg7 Qxg5+ 55. Kf8 1/2-1/2

[Event "Montreal Mercredi 04"]
[Site "Montreal CAN"]
[Date "2012.04.11"]
[Round "2"]
[White "Lacroix, Serge"]
[Black "Rondon, Luciano"]
[Result "1/2-1/2"]
[WhiteElo "1852"]
[BlackElo "1816"]
[PlyCount "56"]
[GameId "2160767909509690"]
[EventDate "2012.04.13"]
[EventType "swiss"]
[EventRounds "5"]
[EventCountry "CAN"]
[SourceTitle "EXT 2022"]
[Source "ChessBase"]
[SourceDate "2021.10.06"]
[SourceVersion "1"]
[SourceVersionDate "2021.10.06"]
[SourceQuality "1"]

1. e4 c5 2. Nf3 e6 3. d4 cxd4 4. Nxd4 Nf6 5. Nc3 d6 6. Bd3 Be7 7. O-O O-O 8. Be3 Nc6 9. Nb3 e5 10. h3 Be6 11. f4 exf4 12. Rxf4 Nd7 13. Qe2 a6 14. Raf1 Nde5 15. Nd4 Nxd4 16. Bxd4 Bg5 17. Bxe5 dxe5 18. R4f3 Qb6+ 19. R1f2 Qxb2 20. Bc4 Be7 21. Bxe6 fxe6 22. Rxf8+ Rxf8 23. Rxf8+ Bxf8 24. Qc4 Qc1+ 25. Kh2 Qf4+ 26. Kh1 Qc1+ 27. Kh2 Qf4+ 28. Kh1 Qc1+ 1/2-1/2

[Event "Montreal Mercredi 04"]
[Site "Montreal CAN"]
[Date "2012.04.11"]
[Round "2"]
[White "Le Bas, Nicolas"]
[Black "Hebert, Pierre"]
[Result "1-0"]
[WhiteElo "1612"]
[BlackElo "1669"]
[PlyCount "91"]
[GameId "2160767909509691"]
[EventDate "2012.04.13"]
[EventType "swiss"]
[EventRounds "5"]
[EventCountry "CAN"]
[SourceTitle "EXT 2022"]
[Source "ChessBase"]
[SourceDate "2021.10.06"]
[SourceVersion "1"]
[SourceVersionDate "2021.10.06"]
[SourceQuality "1"]

1. e4 c5 2. Nf3 d6 3. d4 cxd4 4. Nxd4 Nf6 5. Nc3 a6 6. f3 e6 7. Be3 Nbd7 8. Qd2 Qc7 9. g4 Ne5 10. Be2 Nc4 11. Bxc4 Qxc4 12. h4 b5 13. b3 Qc7 14. h5 Bb7 15. O-O-O Rc8 16. Nce2 Bxe4 17. fxe4 Nxe4 18. Qd3 d5 19. Nxb5 axb5 20. Qxb5+ Qc6 21. Qxc6+ Rxc6 22. Kb2 Be7 23. c3 Bf6 24. Rc1 Ke7 25. Nd4 Bxd4 26. cxd4 Rhc8 27. a4 Kd7 28. a5 Rxc1 29. Rxc1 Rxc1 30. Bxc1 Nf6 31. Bf4 Kc6 32. Be5 Nxg4 33. Bxg7 Kb5 34. b4 f5 35. Kc3 f4 36. Kd2 f3 37. Ke1 f2+ 38. Kf1 Ne3+ 39. Kxf2 Nc2 40. Kf3 Nxb4 41. Kf4 Nc6 42. Kg5 e5 43. Bxe5 Nxa5 44. Kh6 Kc6 45. Kxh7 Kd7 46. Kg6 1-0

[Event "Montreal Mercredi 04"]
[Site "Montreal CAN"]
[Date "2012.04.11"]
[Round "2"]
[White "Levkovsky, Alexandre"]
[Black "Leveille, Francois"]
[Result "0-1"]
[WhiteElo "2283"]
[BlackElo "2316"]
[PlyCount "70"]
[GameId "2160767909509692"]
[EventDate "2012.04.13"]
[EventType "swiss"]
[EventRounds "5"]
[EventCountry "CAN"]
[SourceTitle "EXT 2022"]
[Source "ChessBase"]
[SourceDate "2021.10.06"]
[SourceVersion "1"]
[SourceVersionDate "2021.10.06"]
[SourceQuality "1"]

1. e4 c6 2. d4 d5 3. e5 Bf5 4. g4 Bg6 5. e6 Qd6 6. exf7+ Bxf7 7. Nf3 Nd7 8. Qe2 O-O-O 9. Ne5 Nxe5 10. dxe5 Qb4+ 11. Nd2 Bg6 12. c3 Qb6 13. Nb3 e6 14. Be3 c5 15. Bg2 h5 16. h3 Kb8 17. O-O hxg4 18. hxg4 Be8 19. Nc1 d4 20. Bf4 Bc6 21. c4 g5 22. Bxg5 Be7 23. f4 Bxg5 24. fxg5 Ne7 25. Rf6 Bxg2 26. Qxg2 d3 27. Nb3 Rhg8 28. Rd1 Rxg5 29. Qe4 Rdg8 30. Qxd3 Rxg4+ 31. Kf1 Nf5 32. Qf3 Rg1+ 33. Kf2 R8g2+ 34. Qxg2 Rxg2+ 35. Kxg2 Ne3+ 0-1

[Event "Montreal Mercredi 04"]
[Site "Montreal CAN"]
[Date "2012.04.11"]
[Round "2"]
[White "Rainton, Jean-Pierre"]
[Black "Baran, Marius"]
[Result "1/2-1/2"]
[WhiteElo "1714"]
[BlackElo "1778"]
[PlyCount "57"]
[GameId "2160767909509693"]
[EventDate "2012.04.13"]
[EventType "swiss"]
[EventRounds "5"]
[EventCountry "CAN"]
[SourceTitle "EXT 2022"]
[Source "ChessBase"]
[SourceDate "2021.10.06"]
[SourceVersion "1"]
[SourceVersionDate "2021.10.06"]
[SourceQuality "1"]

1. e4 c5 2. Nc3 Nc6 3. g3 Nf6 4. Bg2 g6 5. Nge2 Bg7 6. O-O O-O 7. d3 d6 8. f4 Bg4 9. h3 Bxe2 10. Nxe2 Qb6 11. Kh1 Nd4 12. c3 Nc6 13. Rb1 e6 14. Be3 Qc7 15. g4 Rad8 16. Qc1 Nd7 17. Ng3 Ne7 18. f5 d5 19. Bf4 Be5 20. Bh6 Bg7 21. Bxg7 Kxg7 22. f6+ Nxf6 23. Qg5 Neg8 24. e5 Nd7 25. Rbe1 Kh8 26. c4 dxc4 27. dxc4 h6 28. Qe3 Kg7 29. Qe4 1/2-1/2

[Event "Montreal Mercredi 04"]
[Site "Montreal CAN"]
[Date "2012.04.20"]
[Round "2"]
[White "Luo, Zhao Yang"]
[Black "Poirier, Erik"]
[Result "1/2-1/2"]
[WhiteElo "2089"]
[BlackElo "2035"]
[PlyCount "66"]
[GameId "2160767909509694"]
[EventDate "2012.04.13"]
[EventType "swiss"]
[EventRounds "5"]
[EventCountry "CAN"]
[SourceTitle "EXT 2022"]
[Source "ChessBase"]
[SourceDate "2021.10.06"]
[SourceVersion "1"]
[SourceVersionDate "2021.10.06"]
[SourceQuality "1"]

1. d4 Nf6 2. Nf3 e6 3. e3 b6 4. Bd3 c5 5. O-O Ba6 6. b3 Bxd3 7. Qxd3 Be7 8. Bb2 O-O 9. c4 cxd4 10. exd4 Nc6 11. Nc3 d5 12. Rfd1 Rc8 13. Ne5 dxc4 14. Nxc6 cxd3 15. Nxd8 Rfxd8 16. Rxd3 Nd5 17. Rad1 Bb4 18. Nxd5 Rxd5 19. a3 Be7 20. Kf1 Kf8 21. Ke2 Ke8 22. Rc3 Rxc3 23. Bxc3 Rb5 24. b4 Rh5 25. h3 Rd5 26. a4 a6 27. Rb1 b5 28. axb5 axb5 29. Ra1 Bf6 30. Ke3 Bd8 31. Ra7 Rd7 32. Ra8 Rd5 33. Ra7 Rd7 1/2-1/2

[Event "Montreal Mercredi 04"]
[Site "Montreal CAN"]
[Date "2012.04.18"]
[Round "3"]
[White "Baran, Marius"]
[Black "Lacroix, Serge"]
[Result "0-1"]
[WhiteElo "1778"]
[BlackElo "1852"]
[PlyCount "62"]
[GameId "2160767909509695"]
[EventDate "2012.04.13"]
[EventType "swiss"]
[EventRounds "5"]
[EventCountry "CAN"]
[SourceTitle "EXT 2022"]
[Source "ChessBase"]
[SourceDate "2021.10.06"]
[SourceVersion "1"]
[SourceVersionDate "2021.10.06"]
[SourceQuality "1"]

1. d4 Nf6 2. c4 g6 3. Nc3 Bg7 4. e4 O-O 5. e5 Ne8 6. f4 d6 7. Nf3 dxe5 8. fxe5 f6 9. Qe2 Bg4 10. e6 Bxf3 11. Qxf3 Nc6 12. d5 Nd4 13. Qf2 f5 14. Be3 c5 15. Bd3 Nf6 16. O-O-O Ng4 17. Qd2 Nxe3 18. Qxe3 Qd6 19. Bc2 Qe5 20. Qd2 Nxc2 21. Kxc2 a6 22. Rde1 Qd6 23. a4 b5 24. axb5 Bxc3 25. Qxc3 axb5 26. cxb5 Qxd5 27. Re2 Rfd8 28. Rhe1 c4 29. Re5 Qxg2+ 30. R1e2 Qf1 31. b6 Qd1# 0-1

[Event "Montreal Mercredi 04"]
[Site "Montreal CAN"]
[Date "2012.04.18"]
[Round "3"]
[White "Cockburn, Denton"]
[Black "Chiku-Ratte, Olivier-Kenta"]
[Result "0-1"]
[WhiteElo "2277"]
[BlackElo "2124"]
[PlyCount "84"]
[GameId "2160767909509696"]
[EventDate "2012.04.13"]
[EventType "swiss"]
[EventRounds "5"]
[EventCountry "CAN"]
[SourceTitle "EXT 2022"]
[Source "ChessBase"]
[SourceDate "2021.10.06"]
[SourceVersion "1"]
[SourceVersionDate "2021.10.06"]
[SourceQuality "1"]

1. d4 Nf6 2. c4 c5 3. d5 e6 4. Nc3 exd5 5. cxd5 d6 6. e4 g6 7. f4 Bg7 8. Nf3 O-O 9. Bd3 Re8 10. O-O c4 11. Bc2 b5 12. a3 Qb6+ 13. Kh1 Nbd7 14. Qe2 Nc5 15. Be3 a5 16. Rae1 Bg4 17. h3 Bxf3 18. Qxf3 Nfd7 19. Qf2 Rac8 20. Bd4 Bxd4 21. Qxd4 b4 22. Ne2 Nd3 23. Bxd3 cxd3 24. Qxd3 Nc5 25. Qd1 Nxe4 26. Kh2 bxa3 27. bxa3 Qb2 28. Qd3 Nc5 29. Qg3 Rxe2 30. Rb1 Qd4 31. Rbd1 Qe4 32. Kh1 Re3 33. Qg4 f5 34. Qh4 Qe7 35. Qf2 Re8 36. Qb2 Qe4 37. Rd4 Rxh3+ 38. Kg1 Qe3+ 39. Rf2 Qe1+ 40. Rf1 Rh1+ 41. Kxh1 Qxf1+ 42. Kh2 Re2 0-1

[Event "Montreal Mercredi 04"]
[Site "Montreal CAN"]
[Date "2012.04.18"]
[Round "3"]
[White "Cote, Philippe"]
[Black "Dominique, Vladimir"]
[Result "1-0"]
[WhiteElo "1672"]
[BlackElo "1710"]
[PlyCount "37"]
[GameId "2160767909509697"]
[EventDate "2012.04.13"]
[EventType "swiss"]
[EventRounds "5"]
[EventCountry "CAN"]
[SourceTitle "EXT 2022"]
[Source "ChessBase"]
[SourceDate "2021.10.06"]
[SourceVersion "1"]
[SourceVersionDate "2021.10.06"]
[SourceQuality "1"]

1. e4 c6 2. d4 d5 3. exd5 cxd5 4. Bd3 Nc6 5. c3 Nf6 6. Bf4 e6 7. Nf3 Be7 8. Nbd2 O-O 9. O-O Qb6 10. Rb1 h6 11. Re1 Bd7 12. Ne5 Qd8 13. Re3 Be8 14. Rg3 Kh8 15. Qf3 Ng8 16. Qg4 Bf6 17. Ndf3 Rc8 18. Qh3 a6 19. Ng4 1-0

[Event "Montreal Mercredi 04"]
[Site "Montreal CAN"]
[Date "2012.04.18"]
[Round "3"]
[White "De Briey, Laurent"]
[Black "Levkovsky, Alexandre"]
[Result "1/2-1/2"]
[WhiteElo "2221"]
[BlackElo "2283"]
[PlyCount "51"]
[GameId "2160767909509698"]
[EventDate "2012.04.13"]
[EventType "swiss"]
[EventRounds "5"]
[EventCountry "CAN"]
[SourceTitle "EXT 2022"]
[Source "ChessBase"]
[SourceDate "2021.10.06"]
[SourceVersion "1"]
[SourceVersionDate "2021.10.06"]
[SourceQuality "1"]

1. d4 Nf6 2. c4 e6 3. Nf3 Bb4+ 4. Nbd2 O-O 5. e3 d5 6. Bd3 b6 7. O-O Bb7 8. Ne5 c5 9. a3 Bxd2 10. Qxd2 cxd4 11. exd4 dxc4 12. Bxc4 Nc6 13. Rd1 Rc8 14. Nxc6 Rxc6 15. b3 Qa8 16. f3 Rd8 17. Bb2 Rcd6 18. Qe2 Bd5 19. a4 Rc8 20. a5 Qb8 21. Ba3 Rdc6 22. axb6 axb6 23. Be7 Qf4 24. Bxf6 Qxf6 25. Bxd5 exd5 26. Qe5 1/2-1/2

[Event "Montreal Mercredi 04"]
[Site "Montreal CAN"]
[Date "2012.04.18"]
[Round "3"]
[White "Gauthier, Luc"]
[Black "Le Bas, Nicolas"]
[Result "1/2-1/2"]
[WhiteElo "1691"]
[BlackElo "1612"]
[PlyCount "97"]
[GameId "2160767909509699"]
[EventDate "2012.04.13"]
[EventType "swiss"]
[EventRounds "5"]
[EventCountry "CAN"]
[SourceTitle "EXT 2022"]
[Source "ChessBase"]
[SourceDate "2021.10.06"]
[SourceVersion "1"]
[SourceVersionDate "2021.10.06"]
[SourceQuality "1"]

1. e4 e5 2. Nc3 Nc6 3. f4 exf4 4. Nf3 d6 5. d4 g5 6. h4 f6 7. Nxg5 h5 8. Nf3 Bh6 9. Nd5 Bg4 10. Nxf4 Qe7 11. Qd3 Bxf4 12. Bxf4 f5 13. e5 O-O-O 14. Bg5 Qe8 15. Bxd8 dxe5 16. Nxe5 Nxe5 17. dxe5 Qxe5+ 18. Kd2 Qf4+ 19. Qe3 Qb4+ 20. Kc1 Kxd8 21. Qd2+ Qxd2+ 22. Kxd2 Nf6 23. Bd3 Nd5 24. Rhf1 Rf8 25. Rae1 c6 26. g3 b5 27. a3 a5 28. Re5 Ne7 29. b4 axb4 30. axb4 Kd7 31. Rc5 Nd5 32. c3 Kd6 33. Be2 Rf6 34. Bxg4 hxg4 35. Kd3 Ke5 36. Rf4 Rd6 37. Rd4 Ke6 38. Rdxd5 cxd5 39. Rxb5 f4 40. gxf4 Kf5 41. Ke3 Re6+ 42. Kf2 Kxf4 43. Rxd5 g3+ 44. Kf1 Kg4 45. Rg5+ Kxh4 46. Rg8 Rc6 47. Rh8+ Kg4 48. Rg8+ Kh3 49. Rh8+ 1/2-1/2

[Event "Montreal Mercredi 04"]
[Site "Montreal CAN"]
[Date "2012.04.18"]
[Round "3"]
[White "Hebert, Pierre"]
[Black "Barko, Maxim"]
[Result "0-1"]
[WhiteElo "1669"]
[BlackElo "1668"]
[PlyCount "74"]
[GameId "2160767909509700"]
[EventDate "2012.04.13"]
[EventType "swiss"]
[EventRounds "5"]
[EventCountry "CAN"]
[SourceTitle "EXT 2022"]
[Source "ChessBase"]
[SourceDate "2021.10.06"]
[SourceVersion "1"]
[SourceVersionDate "2021.10.06"]
[SourceQuality "1"]

1. d4 e6 2. c4 f5 3. g3 Nf6 4. Nc3 d5 5. cxd5 exd5 6. Bg2 c6 7. Bg5 Bd6 8. e3 O-O 9. Nge2 Qe8 10. O-O Nbd7 11. Bxf6 Nxf6 12. Nf4 Ne4 13. Re1 g5 14. Nd3 Rf6 15. f4 g4 16. Nxe4 dxe4 17. Ne5 Rh6 18. Bf1 Be6 19. Qc2 Rc8 20. Bc4 Kg7 21. Bxe6 Qxe6 22. Qc4 Qxc4 23. Nxc4 Bb4 24. Re2 c5 25. d5 b5 26. a3 bxc4 27. axb4 cxb4 28. Rxa7+ Kg8 29. Rd2 Rd6 30. Ra4 c3 31. bxc3 bxc3 32. Rc2 Rxd5 33. Rd4 Rb5 34. Ra4 Rb1+ 35. Kf2 Rb2 36. Ra2 Rxa2 37. Rxa2 c2 0-1

[Event "Montreal Mercredi 04"]
[Site "Montreal CAN"]
[Date "2012.04.18"]
[Round "3"]
[White "Leveille, Francois"]
[Black "Cardin, Guillaume"]
[Result "1-0"]
[WhiteElo "2316"]
[BlackElo "2145"]
[PlyCount "89"]
[GameId "2160767909509701"]
[EventDate "2012.04.13"]
[EventType "swiss"]
[EventRounds "5"]
[EventCountry "CAN"]
[SourceTitle "EXT 2022"]
[Source "ChessBase"]
[SourceDate "2021.10.06"]
[SourceVersion "1"]
[SourceVersionDate "2021.10.06"]
[SourceQuality "1"]

1. Nf3 c5 2. g3 g6 3. Bg2 Bg7 4. c4 Nc6 5. Nc3 d6 6. a3 a5 7. O-O e5 8. d3 Nge7 9. Rb1 Rb8 10. Ne1 O-O 11. Nc2 Be6 12. b4 axb4 13. axb4 cxb4 14. Nxb4 Nxb4 15. Rxb4 d5 16. cxd5 Nxd5 17. Nxd5 Bxd5 18. Bg5 Qd6 19. Qb1 Bxg2 20. Kxg2 Rfc8 21. Rb5 Rc5 22. Rxc5 Qxc5 23. Rc1 Qd6 24. Qb5 Qa6 25. Qd7 b5 26. Rc6 Qa8 27. e4 h6 28. Rc7 Qa2 29. Be7 Qe6 30. Qxe6 fxe6 31. Bd6 Rb6 32. Bc5 Rb8 33. Ba7 Rf8 34. Rb7 Rd8 35. Rxb5 Rxd3 36. Bb8 Kf7 37. Bxe5 Bxe5 38. Rxe5 Kf6 39. Ra5 Rb3 40. g4 Rc3 41. h4 g5 42. h5 e5 43. Ra7 Rc4 44. f3 Ke6 45. Ra6+ 1-0

[Event "Montreal Mercredi 04"]
[Site "Montreal CAN"]
[Date "2012.04.18"]
[Round "3"]
[White "Nardone, Raul"]
[Black "Rainton, Jean-Pierre"]
[Result "1-0"]
[WhiteElo "1895"]
[BlackElo "1714"]
[PlyCount "53"]
[GameId "2160767909509702"]
[EventDate "2012.04.13"]
[EventType "swiss"]
[EventRounds "5"]
[EventCountry "CAN"]
[SourceTitle "EXT 2022"]
[Source "ChessBase"]
[SourceDate "2021.10.06"]
[SourceVersion "1"]
[SourceVersionDate "2021.10.06"]
[SourceQuality "1"]

1. e4 c5 2. Nf3 d6 3. d4 cxd4 4. Nxd4 Nf6 5. Nc3 a6 6. Bc4 e5 7. Nf5 Qc7 8. Ne3 Be6 9. Bb3 Bxb3 10. axb3 Nbd7 11. O-O Be7 12. Nf5 Bf8 13. Nb5 Qc6 14. Nbxd6+ Bxd6 15. Nxd6+ Kf8 16. Ra4 Nc5 17. Rc4 b5 18. Rc3 Rd8 19. Rxc5 Qxc5 20. Nb7 Qxf2+ 21. Kxf2 Nxe4+ 22. Kf3 Rxd1 23. Rxd1 Nf6 24. Rd8+ Ne8 25. Nd6 Ke7 26. Rxe8+ Rxe8 27. Nxe8 1-0

[Event "Montreal Mercredi 04"]
[Site "Montreal CAN"]
[Date "2012.04.18"]
[Round "3"]
[White "Poirier, Erik"]
[Black "Giroux, Robert"]
[Result "1-0"]
[WhiteElo "2035"]
[BlackElo "1903"]
[PlyCount "87"]
[GameId "2160767909509703"]
[EventDate "2012.04.13"]
[EventType "swiss"]
[EventRounds "5"]
[EventCountry "CAN"]
[SourceTitle "EXT 2022"]
[Source "ChessBase"]
[SourceDate "2021.10.06"]
[SourceVersion "1"]
[SourceVersionDate "2021.10.06"]
[SourceQuality "1"]

1. d4 Nf6 2. c4 e6 3. Nc3 Bb4 4. e3 b6 5. Bd3 Bb7 6. Nf3 O-O 7. O-O c5 8. Qc2 Bxf3 9. gxf3 cxd4 10. exd4 Nc6 11. Be3 e5 12. d5 Ne7 13. Ne4 Nxe4 14. fxe4 Ng6 15. Kh1 Bc5 16. Rab1 Qf6 17. Be2 Bxe3 18. fxe3 Qg5 19. Rf3 Qh4 20. Rf5 d6 21. Rbf1 Qe7 22. Bd3 Nh4 23. R5f2 g6 24. Qe2 f5 25. exf5 e4 26. f6 Qe5 27. Bb1 Nf5 28. Rf4 Qxf6 29. Bxe4 Qe5 30. Bxf5 Rxf5 31. Rxf5 gxf5 32. Qf3 Re8 33. Qxf5 Qxf5 34. Rxf5 Rxe3 35. Rf6 Re2 36. Rxd6 Rxb2 37. a4 Rb4 38. Rc6 Rxa4 39. Rc7 Ra1+ 40. Kg2 Rd1 41. Rxa7 b5 42. cxb5 Rxd5 43. b6 Rd2+ 44. Kf3 1-0

[Event "Montreal Mercredi 04"]
[Site "Montreal CAN"]
[Date "2012.04.18"]
[Round "3"]
[White "Ramaswamy, Kiran"]
[Black "Luo, Zhao Yang"]
[Result "1/2-1/2"]
[WhiteElo "2029"]
[BlackElo "2089"]
[PlyCount "70"]
[GameId "2160767909509704"]
[EventDate "2012.04.13"]
[EventType "swiss"]
[EventRounds "5"]
[EventCountry "CAN"]
[SourceTitle "EXT 2022"]
[Source "ChessBase"]
[SourceDate "2021.10.06"]
[SourceVersion "1"]
[SourceVersionDate "2021.10.06"]
[SourceQuality "1"]

1. c4 Nf6 2. g3 g6 3. Bg2 Bg7 4. Nc3 O-O 5. Nf3 d6 6. O-O c6 7. d4 Qa5 8. Bf4 Qb4 9. Qb3 Qxb3 10. axb3 Bf5 11. b4 Ne4 12. Nh4 Nxc3 13. bxc3 Be6 14. c5 Rd8 15. Rfb1 Bc4 16. cxd6 exd6 17. e4 h6 18. Bd2 Na6 19. Bf1 Bxf1 20. Kxf1 Re8 21. b5 Nc7 22. bxc6 bxc6 23. Rb7 Nb5 24. Ra6 Rec8 25. d5 Nxc3 26. Bxc3 Bxc3 27. Rxc6 a5 28. Rxc8+ Rxc8 29. Rb6 a4 30. Ra6 Rc4 31. Nf3 Bb2 32. Ra7 a3 33. Nd2 Rd4 34. Ke2 Bc3 35. Nb1 Bb2 1/2-1/2

[Event "Montreal Mercredi 04"]
[Site "Montreal CAN"]
[Date "2012.04.18"]
[Round "3"]
[White "Rondon, Luciano"]
[Black "Gauthier, Denis"]
[Result "1/2-1/2"]
[WhiteElo "1816"]
[BlackElo "1901"]
[PlyCount "85"]
[GameId "2160767909509705"]
[EventDate "2012.04.13"]
[EventType "swiss"]
[EventRounds "5"]
[EventCountry "CAN"]
[SourceTitle "EXT 2022"]
[Source "ChessBase"]
[SourceDate "2021.10.06"]
[SourceVersion "1"]
[SourceVersionDate "2021.10.06"]
[SourceQuality "1"]

1. d4 Nf6 2. c4 e6 3. Nf3 Bb4+ 4. Bd2 Qe7 5. Nc3 b6 6. e3 Bb7 7. Be2 O-O 8. O-O d6 9. a3 Bxc3 10. Bxc3 Ne4 11. Rc1 Nd7 12. Nd2 Ndf6 13. f3 Nxc3 14. Rxc3 c5 15. dxc5 dxc5 16. Qc2 Rad8 17. Rd3 e5 18. Rd1 Rxd3 19. Bxd3 Rd8 20. Ne4 Nxe4 21. Bxe4 Rxd1+ 22. Qxd1 Bxe4 23. fxe4 g6 24. Qd5 Kg7 25. g3 h5 26. Qd2 Qe6 27. Qd5 Qf6 28. Kg2 g5 29. h3 g4 30. hxg4 hxg4 31. Qd1 Qg5 32. Qd5 Qf6 33. Qd1 Qe6 34. Qd5 Qe7 35. Qd1 Qg5 36. Qd5 Qh5 37. Kg1 Qg5 38. Kg2 Kg6 39. Qd6+ f6 40. Qf8 Kh7 41. Qf7+ Qg7 42. Qh5+ Kg8 43. Qe8+ 1/2-1/2

[Event "Montreal Mercredi 04"]
[Site "Montreal CAN"]
[Date "2012.04.18"]
[Round "3"]
[White "Tremblay, Alain"]
[Black "Boudreau, Daniel"]
[Result "0-1"]
[WhiteElo "2028"]
[BlackElo "1905"]
[PlyCount "103"]
[GameId "2160767909509706"]
[EventDate "2012.04.13"]
[EventType "swiss"]
[EventRounds "5"]
[EventCountry "CAN"]
[SourceTitle "EXT 2022"]
[Source "ChessBase"]
[SourceDate "2021.10.06"]
[SourceVersion "1"]
[SourceVersionDate "2021.10.06"]
[SourceQuality "1"]

1. d4 Nf6 2. c4 e6 3. Nc3 Bb4 4. Qc2 O-O 5. Bg5 d5 6. e3 c5 7. dxc5 dxc4 8. Bxc4 h6 9. Bh4 Nbd7 10. Nf3 Qa5 11. c6 Ne5 12. Nxe5 Qxe5 13. O-O Bxc3 14. Qxc3 Qxc3 15. bxc3 bxc6 16. Bxf6 gxf6 17. Rfd1 Rb8 18. Rd2 a5 19. f3 Rb6 20. Kf2 Kg7 21. Rad1 e5 22. Rd6 Bf5 23. e4 Bg6 24. g4 Rfb8 25. Bb3 h5 26. h3 h4 27. Ke3 c5 28. R1d5 a4 29. Bxa4 Rb2 30. Rd2 c4 31. Bd1 Kf8 32. Be2 Rxd2 33. Rxd2 Rb1 34. Rd1 Rb2 35. Bxc4 Rh2 36. Bf1 Rxa2 37. Kd3 Rf2 38. Ke3 Rc2 39. c4 Ke7 40. Be2 Bh7 41. Kd3 Ra2 42. Rd2 Ra1 43. Bd1 Rc1 44. Bb3 Rh1 45. Ke3 Rxh3 46. c5 Rh1 47. c6 Rb1 48. Bd5 Kd6 49. Rh2 f5 50. gxf5 Bxf5 51. Rxh4 Be6 52. Rh6 0-1

[Event "Montreal Mercredi 04"]
[Site "Montreal CAN"]
[Date "2012.04.25"]
[Round "4"]
[White "Cardin, Guillaume"]
[Black "De Briey, Laurent"]
[Result "0-1"]
[WhiteElo "2145"]
[BlackElo "2221"]
[PlyCount "94"]
[GameId "2160767909509707"]
[EventDate "2012.04.13"]
[EventType "swiss"]
[EventRounds "5"]
[EventCountry "CAN"]
[SourceTitle "EXT 2022"]
[Source "ChessBase"]
[SourceDate "2021.10.06"]
[SourceVersion "1"]
[SourceVersionDate "2021.10.06"]
[SourceQuality "1"]

1. e4 g6 2. d4 Bg7 3. Nc3 d6 4. Nf3 a6 5. a4 b6 6. Be3 Bb7 7. Bc4 e6 8. Qe2 Nd7 9. h4 h6 10. h5 g5 11. O-O Ne7 12. Rfe1 Nf6 13. Nd2 d5 14. exd5 Nexd5 15. a5 O-O 16. axb6 cxb6 17. Nxd5 exd5 18. Bd3 Bc8 19. Bxa6 Bxa6 20. Rxa6 Rxa6 21. Qxa6 Nxh5 22. Nf3 g4 23. Ne5 Qh4 24. Qxb6 Re8 25. Qc6 Re6 26. Qxd5 g3 27. fxg3 Nxg3 28. Nf3 Qg4 29. Qd8+ Kh7 30. Qc7 Nf5 31. Bf2 Rg6 32. Qh2 Qxf3 33. c3 Nd6 34. Be3 Nc4 35. Bc1 Qb7 36. Rf1 Nxb2 37. Qh3 Nc4 38. g4 Qe4 39. g5 f6 40. Rf2 fxg5 41. Rf7 Qe1+ 42. Rf1 Qe2 43. Rf5 Nd6 44. Rxg5 Qe1+ 45. Kh2 Rxg5 46. Bxg5 Qf2+ 47. Kh1 Nf5 0-1